| Tag |
First Indicator |
Second Indicator |
Subfields |
| LEADER |
00000cam a2200000 a 4500 |
| 001 |
in00000034185 |
| 005 |
20151007055229.0 |
| 008 |
870806s1988 nyu b 00110 eng |
| 010 |
|
|
|a 87024064
|
| 020 |
|
|
|a 0312012454 :
|c $30.00 (est.)
|
| 035 |
|
|
|a (OCoLC)16685160
|
| 035 |
|
|
|9 AAB7638AM
|
| 040 |
|
|
|a DLC
|c DLC
|d TXA
|d UtOrBLW
|
| 043 |
|
|
|a e-gw---
|
| 049 |
|
|
|a TXAM
|c [A11506024]
|
| 050 |
0 |
0 |
|a DD901.C65
|b H39 1988
|
| 082 |
0 |
|
|a 943/.31
|2 19
|
| 100 |
1 |
|
|a Hayward, N. F.
|
| 245 |
1 |
4 |
|a The first Nazi town /
|c N.F. Hayward and D.S. Morris.
|
| 264 |
|
1 |
|a New York :
|b St. Martin's Press,
|c 1988.
|
| 300 |
|
|
|a vi, 135 pages ;
|c 23 cm.
|
| 336 |
|
|
|a text
|b txt
|2 rdacontent
|
| 337 |
|
|
|a unmediated
|b n
|2 rdamedia
|
| 338 |
|
|
|a volume
|b nc
|2 rdacarrier
|
| 504 |
|
|
|a Bibliography: pages [124]-127.
|
| 500 |
|
|
|a Includes index.
|
| 651 |
|
0 |
|a Coburg (Germany)
|x Politics and government.
|
| 650 |
|
0 |
|a National socialism.
|
| 700 |
1 |
|
|a Morris, D. S.
|
| 999 |
|
|
|a MARS
|
| 999 |
f |
f |
|s 27c1a3b7-d2dd-34b0-8ec1-9486c4bcbf0b
|i c1bbadbe-fe9f-3123-80b1-dd12d193409b
|t 0
|
| 952 |
f |
f |
|p ric
|a Texas A&M University
|b Rellis Campus
|c Joint Library Facility
|d Remote Storage
|t 0
|e DD901.C65 H39 1988
|h Library of Congress classification
|i unmediated -- volume
|m A14811506024
|
| 998 |
f |
f |
|a DD901.C65 H39 1988
|t 0
|l Remote Storage
|